书目信息 |
| 书名: | Finite mathematics with applications | |
| 作者: | [by] A. W. Goodman [and] J. S. Ratti. | |
| 分册号: | ||
| 分册名: | 出版地: | New York : |
|
| 出版社: | Macmillan | |
| 出版时间: | [1971]. | |
| 页数: | xiv, 490 p. : | |
| 开本: | 24 cm. | |
| 丛书名: | ||
| 中图分类号: | ||
| 科图分类号: | ||
| 其他分类号: | O1:H31 | |
| 主题词: | ||
| 电子资源: | ||
| 000 | 00808cam 2200277 45 | |
| 001 | E0734089540 | |
| 003 | OCoLC | |
| 005 | 20070228093134.42 | |
| 008 | 990930s1971 nyua 001 0 eng | |
| 010 | @a 72119146 //r892 | |
| 020 | @cCNY8.00. | |
| 040 | @aDLC@cDLC | |
| 050 | 0 | @aQA39.2@b.G65 |
| 082 | @a510 | |
| 090 | @aP11/W19 | |
| 090 | @aO1:H31 | |
| 093 | @aP11 @2 3 | |
| 099 | @dO1:H31@ex69 | |
| 100 | 1 | @aGoodman, A. W.@q(Adolph Winkler),@d1915- |
| 245 | 10 | @aFinite mathematics with applications / @c[by] A. W. Goodman [and] J. S. Ratti. |
| 260 | @aNew York :@bMacmillan,@c[1971]. | |
| 300 | @axiv, 490 p. :@billus. (part col.) ;@c24 cm. | |
| 650 | 0 | @aMathematics. |
| 700 | 1 | @aRatti, J. S.@ejoint author. |
| 905 | @a81-12931@bLib | |
| 920 | @a232010@bP11/W19 | |
| Finite mathematics with applications / / [by] A. W. Goodman [and] J. S. Ratti.-New York : : Macmillan, , [1971]. |
| xiv, 490 p. : : illus. (part col.) ; ; 24 cm. |
| ISBN CNY8.00. |
| ● |
| 相关链接 |
|
|
|
|
正题名:Finite mathematics with applications
索取号:O1:H31/x69
 
预约/预借
| 序号 | 登录号 | 条形码 | 馆藏地/架位号 | 状态 | 备注 |
| 1 | 48251 | 000453182 | 第四借阅区/ [索取号:O1:H31/x69] | 在馆 |